000 00394nam a2200157Ia 4500
008 240729s9999 xx 000 0 und d
022 _a2690-442X
245 0 _aSkin Health and Disease
260 _aUnited Kingdom
260 _bWiley
650 _a Dermatology
650 _aMedicine
856 _uhttps://doaj.org/toc/d9ad02747d314a22bc7e43739a389fe4
942 _2ddc
942 _cDOAJEJ
999 _c72711
_d72711
945 _a1
_bMadushi Gamage
_c1
_dMadushi Gamage